000 00479nam a2200169Ia 4500
008 090711s9999 xx 000 0 und d
082 _b14805
100 _aरघुवीर
245 _aप्रवासी जादुगार
260 _c1961
300 _a292
600 _aरघुवीर
630 _aप्रवासी जादुगार
700 _aरघुवीर
730 _aप्रवासी जादुगार
942 _cBOOK
999 _c291119
_d291119